|
|
|
|
| LEADER |
00000cam a2200000 a 4500 |
| 001 |
vtls001096001 |
| 003 |
SK-MaSNL |
| 005 |
20260302030923.0 |
| 008 |
240226s1985 xo l grf 000 0 slo |
| 015 |
|
|
|a SNBA1985/11
|
| 020 |
|
|
|q (viazané)
|
| 035 |
|
|
|a SNK000038843
|
| 035 |
|
|
|a 4C0ABABF-5EAF-41CD-AE76-AB8C3FFAB0A2
|
| 035 |
|
|
|a urn:nbn:sk:snk-am00if4m
|
| 040 |
|
|
|a SNK
|b slo
|c SNK
|e AACR2
|
| 041 |
0 |
|
|a slo
|
| 044 |
|
|
|a xo
|c SK
|
| 072 |
|
7 |
|a 663
|x Priemysel nápojov. Kvasný priemysel. Priemysel pochutín
|2 konspekt
|
| 080 |
|
|
|a 613.2(083.53)(075.3)
|2 1997
|
| 080 |
|
|
|a 663/664
|2 2011
|
| 080 |
|
|
|a 641.1
|2 2011
|
| 080 |
|
|
|a 613.2
|2 2011
|
| 100 |
1 |
|
|a Kajaba, Igo,
|d 1936-2022
|4 aut
|9 54490
|
| 245 |
1 |
0 |
|a Tabuľky zloženia a výživových hodnôt požívatín
|c Igo Kajaba, Oldřich Šmrha
|
| 250 |
|
|
|a 2. vyd.
|
| 260 |
|
|
|a Bratislava
|b Slovenské pedagogické nakladateľstvo
|c 1985
|e Bratislava
|f Pravda
|
| 300 |
|
|
|a 100 strán
|b tabuľky
|c 21 cm
|
| 366 |
|
|
|e 19850 výtl.
|
| 500 |
|
|
|a Obsahuje zoznam tabuliek
|
| 650 |
0 |
7 |
|a požívatiny
|2 SNKPH
|9 74902
|
| 650 |
0 |
7 |
|a nutričná hodnota potravín
|2 SNKPH
|9 68648
|
| 650 |
0 |
7 |
|a výživa človeka
|2 SNKPH
|9 4211
|
| 655 |
|
7 |
|a príručky
|2 SNKPH
|9 74364
|
| 700 |
1 |
|
|a Šmrha, Oldřich,
|d 1922-
|4 aut
|9 5667
|
| 852 |
|
|
|a Slovenská národná knižnica
|
| 954 |
|
|
|a odborná, vedecká literatúra pôvodná (slovenská)
|2 lita
|
| 958 |
|
|
|a OND
|
| 958 |
|
|
|a UC
|
| 958 |
|
|
|a TL
|
| 958 |
|
|
|a EUIPO
|
| 999 |
|
|
|c 1049852
|d 1051782
|
| 952 |
|
|
|t P60, <04>, [BOOK], {604}
|a SNK
|b SNK
|y VYP
|7 0
|p 17A0019375
|o snkSC 64416 D1
|0 0
|1 0
|4 0
|d 1996-11-08
|l 0
|r 2004-12-31 00:00:00
|w 2026-02-24
|
| 952 |
|
|
|t P60, <03>, [BOOK], {603}
|a SNK
|b SNK
|y PREZ
|7 0
|p 17A0294231
|o snkSC 64416
|i snkKSP 8104/85
|0 0
|1 0
|4 0
|d 2001-03-21
|f 1
|l 0
|r 2025-07-02 00:00:00
|w 2026-02-24
|